000 01434nam a22002777a 4500
005 2009072101311.0
008 090721t xxu||||| |||| 00| 0 hin d
010 _aHIN-87392
020 _a8189102710
_c250.00
035 _aHN-59738
037 _bDBAD / PUB
040 _adpl
_bhn
082 _a370.11
100 _aशास्त्री, के.एन.
245 _aअध्यापक शिक्षा /
_bके.एन.शास्त्री
246 _aAdhyaapaka shikshaa
_bby K.N.Shastri
260 _aदिल्ली
_bप्रेरणा प्रकाशन
_c2009
270 _aसी-13, रोज अपार्टमेन्ट, सैक्टर-14 एक्सटेंशन, प्लॉट नं. डी-5, रोहिणी
_bदिल्ली
_e110085
_k011-23290142, 011-27241050, 9868028838
300 _a280पृ.
_c22सेमी (अजिल्द)
650 _aशिक्षा
_xअध्ययन एवं अध्यापन
650 _aEducation
_xStudy and teaching
650 _aअध्यापक
_xप्रशिक्षण
650 _aTeachers
_xTraining of
942 _2ddc
_cHN
_mशास्त्रीके
_h370.11
999 _c28485
_d28485